Ciudades del Siglo de Oro (Record no. 189880)

MARC details
000 -LEADER
campo de control de longitud fija 00978nam a2200277 i 4500
001 - NÚMERO DE CONTROL
campo de control 189880
003 - IDENTIFICADOR DE NÚMERO DE CONTROL
campo de control SpMaBN
005 - FECHA Y HORA DE LA ÚLTIMA TRANSACCIÓN
campo de control 20230906223559.0
008 - DATOS DE LONGITUD FIJA--INFORMACIÓN GENERAL
campo de control de longitud fija 191217s2008 sp ab |||| | spa d
020 ## - NÚMERO INTERNACIONAL ESTÁNDAR DEL LIBRO
Número Internacional Estándar del Libro 978-84-95241-60-3
080 ## - NÚMERO DE LA CLASIFICACIÓN DECIMAL UNIVERSAL
Número de la Clasificación Decimal Universal 74 Wyngaerde, Anton van den
080 ## - NÚMERO DE LA CLASIFICACIÓN DECIMAL UNIVERSAL
Número de la Clasificación Decimal Universal 913(460)(0:74)
245 00 - MENCIÓN DEL TÍTULO
Título Ciudades del Siglo de Oro
Resto del título : las vistas españolas de Anton Van den Wyngaerde /
Mención de responsabilidad, etc. dirigido por Richard L. Kagan.
260 ## - PUBLICACIÓN, DISTRIBUCIÓN, ETC.
Lugar de publicación, distribución, etc. [Madrid :
Nombre del editor, distribuidor, etc. El Viso,
Fecha de publicación, distribución, etc. 2008]
300 ## - DESCRIPCIÓN FÍSICA
Extensión 433 p. (algunas pleg.) :
Otras características físicas mapa, il. col. ;
Dimensiones 30 x 31 cm.
500 ## - NOTA GENERAL
Nota general Índice.
504 ## - NOTA DE BIBLIOGRAFÍA, ETC.
Nota de bibliografía, etc. Bibliografía : p. 408-414.
596 ## - NOTA AL PIE DE IMPRENTA
NOTA AL PIE DE IMPRENTA En port.: Barclays.
600 17 - PUNTO DE ACCESO ADICIONAL DE MATERIA--NOMBRE DE PERSONA
Nombre de persona Wyngaerde, Anton Van den.
9 (RLIN) 117478
650 #7 - PUNTO DE ACCESO ADICIONAL DE MATERIA--TÉRMINO DE MATERIA
Término de materia o nombre geográfico como elemento de entrada Ciudades-
Subdivisión geográfica España-
Subdivisión cronológica S.XVI.
9 (RLIN) 11074
650 #4 - PUNTO DE ACCESO ADICIONAL DE MATERIA--TÉRMINO DE MATERIA
Término de materia o nombre geográfico como elemento de entrada Ciudades-
Subdivisión general En el arte.
9 (RLIN) 158832
651 #7 - PUNTO DE ACCESO ADICIONAL DE MATERIA--NOMBRE GEOGRÁFICO
Nombre geográfico España-
Subdivisión de forma Obras ilustradas.
9 (RLIN) 8388
700 1# - ENTRADA AGREGADA--NOMBRE PERSONAL
Nombre de persona Kagan, Richard L.
9 (RLIN) 67404
700 1# - ENTRADA AGREGADA--NOMBRE PERSONAL
Nombre de persona Wyngaerde, Anton Van den.
9 (RLIN) 117478
852 ## - LOCALIZACIÓN
Ubicación ES-MaACL
Número de control de estantería L-32461
Nota libre - Enc. cart.
Holdings
Estatus retirado Estado de pérdida Estado de daño No para préstamo Biblioteca de origen Biblioteca actual Ubicación en estantería Fecha de adquisición Fuente de adquisición Total de préstamos Signatura topográfica completa Código de barras Visto por última vez Precio de reemplazo Tipo de ítem Koha
        Biblioteca del Ateneo de Madrid Biblioteca del Ateneo de Madrid Depósito 2 17/12/2019     L-32461 1201414 23/02/2023 23/02/2023 Libro impreso